000 00442nam a2200157Ia 4500
008 230917s9999||||xx |||||||||||||| ||und||
040 _e37407
_aMAIN
041 _aEnglish
082 _a954.01 D954K
100 _aDutt, Manmatha Nath, ed
245 0 _aKamandakiya nitisara or the elements on polity: in english
250 _a2nd ed.
260 _aVaransi
_bChowkhamaba Sanskrit Series Office
_c1979
300 _avi, 254 p.
942 _cBK
999 _c214478
_d214478